00762nam a2200217 i 4500003000900000005001700009006001900026007000300045008004100048040003000089082001400119245017900133264004100312300004500353336002700398337003300425338002800458590002700486942001400513999001700527DO-SdBNP20231208072057.0a||||er|||| 00| 0 ta231208b190? dr a|||| |||| 00| 0 spa d aDO-SdBNPbspacBNPHUerda 4222bM294e10aManual de educación sexual. /cRosa Rita Álvarez, Sandra Best, Milton Cordero, Octavio Estrella, Denis Mota Álvarez ; ilustración, Millarray Quiroga, José Mercader.1 aSanto Domingo :bPROFAMILIA,c[190?] a110 páginas :bIlustraciones ;c27 cm. 2rdacontentatextobtxt 2rdamediaasin mediaciónbn 2rdacarrieravolumenbnc aInventariado 2023 / MF 2ddccLBS1 c55633d55633